[Event "TCh-Vojvodina"]
[Site "Sombor SCG"]
[Date "2004.09.28"]
[Round "6"]
[White "Radojevic,Z"]
[Black "Lalic,D"]
[Result "0-1"]
[WhiteElo "2179"]
[BlackElo "2372"]

1.e4 d6 2.d4 g6 3.Nc3 Bg7 4.f4 Nf6 5.Nf3 O-O 6.Bd3 Nbd7 7.e5 Ne8 8.Ne4 c5
9.c3 cxd4 10.cxd4 Nb6 11.O-O Nc7 12.Kh1 f6 13.exd6 exd6 14.a4 Be6 15.Nc3 Qd7
16.a5 Nbd5 17.Qa4 Qxa4 18.Rxa4 f5 19.Ra1 Nb4 20.Bb1 h6 21.Ra4 Nca6 22.Na2 Nc6
23.Bd3 Bxa2 24.Rxa2 Nab4 25.Ra3 Nxd3 26.Rxd3 Nxa5 27.Bd2 Nc4 28.Bc3 Rfe8
29.b3 Ne3 30.Ra1 Nd5 31.Bd2 a6 32.Ra5 Nf6 33.Kg1 Rac8 34.Rc3 Ne4 35.Rxc8 Rxc8
36.Be1 Nc3 37.Kf2 Nb5 38.Ke3 Nxd4  0-1

[Event "TCh-Vojvodina"]
[Site "Sombor SCG"]
[Date "2004.09.28"]
[Round "6"]
[White "Popov,Si1"]
[Black "Sanduleac,V"]
[Result "1-0"]
[WhiteElo "2459"]
[BlackElo "2492"]

1.d4 d6 2.e4 g6 3.Nc3 Bg7 4.Nf3 a6 5.Be2 e6 6.O-O Ne7 7.Be3 O-O 8.Qd2 Nbc6
9.Rad1 e5 10.dxe5 dxe5 11.h3 Qxd2 12.Rxd2 Rd8 13.Rfd1 Be6 14.Nd5 Bxd5 15.exd5 Nb8
16.Bg5 f6 17.d6 cxd6 18.Rxd6 Rf8 19.Be3 Nf5 20.Rb6 Nxe3 21.fxe3 Ra7 22.Bc4+ Kh8
23.Rdd6 Nc6 24.Rd7 e4 25.Rxc6 bxc6 26.Rxa7 exf3 27.gxf3 f5 28.c3 Rd8 29.Rxa6 Bh6
30.f4 g5 31.Rxc6 Kg7 32.b4 gxf4 33.exf4 Bxf4 34.Kf2 Be5 35.Be2 Rd2 36.a4 Rc2
37.c4 Rc3 38.Re6 Bd4+ 39.Kg2 f4 40.Rd6 Rg3+ 41.Kh2 Be5 42.Re6 Re3 43.Bg4 Kf7
44.Kg2 h5 45.Bf5 Rg3+ 46.Kf1 Bc3 47.Re4 Bxb4 48.Rxf4 Bd6 49.Rd4 Be5 50.Rd3 Rxd3
51.Bxd3 Bd4 52.h4 Bf6 53.a5 Bd4 54.Be2 Kg6 55.a6  1-0

[Event "Premier League"]
[Site "Belgrade SCG"]
[Date "2004.09.30"]
[Round "6"]
[White "Krgovic,V"]
[Black "Jovic,A"]
[Result "0-1"]
[WhiteElo "2152"]
[BlackElo "2409"]

1.d4 g6 2.e4 Bg7 3.Nc3 d6 4.Bg5 c6 5.Qd2 b5 6.g3 Qb6 7.Nge2 Nd7 8.Bg2 b4
9.Nd1 Ba6 10.c3 Rc8 11.O-O Ngf6 12.h3 O-O 13.Kh2 c5 14.Be3 e5 15.d5 Qa5 16.b3 bxc3
17.Ndxc3 Rb8 18.Rfe1 Rb4 19.Nc1 Rc8 20.a3 Rb7 21.Qc2 c4 22.b4 Rxb4 23.axb4 Qxa1
24.Bxa7 Bh6 25.Rd1 Qa3 26.N1a2 Qb3 27.Qe2 Ra8 28.Rb1 Qa3 29.Be3 Bxe3 30.Qxe3 Kg7
31.Bf1 Rb8 32.b5 Bxb5 33.Rxb5 Rxb5 34.Nxb5 Qxa2 35.Nxd6 c3 36.Qxc3 Qxf2+
37.Bg2 h5 38.Kh1 Qb6 39.Qc6 Qf2 40.Qc3 Qb6 41.Qc6 Qa7 42.Qc3 Qf2 43.Kh2 h4
44.g4 Qf4+ 45.Kh1 Nh7 46.Ne8+ Kh6 47.Qc6 Nhf8 48.Nd6 Kg5 49.Qc3 Kf6 50.Ne8+ Kg5
51.Nd6 Qf2 52.Qc1+ Kf6 53.Qf1 Qf4 54.Nc4 Nh7 55.Kg1 Ng5 56.Qf2 Nh7 57.Kf1 Kg5
58.Ke2 Qxf2+ 59.Kxf2 Kf4  0-1

[Event "TCh-Vojvodina"]
[Site "Sombor SCG"]
[Date "2004.09.30"]
[Round "8"]
[White "Robulj,N"]
[Black "Remecki,S"]
[Result "1/2-1/2"]
[WhiteElo "2259"]
[BlackElo "2127"]

1.e4 g6 2.d4 Bg7 3.Nc3 d6 4.f4 Nf6 5.e5 dxe5 6.dxe5 Qxd1+ 7.Kxd1 Ng4 8.Nd5 Kd8
9.Ke1 c6 10.Nc3 h5 11.Bc4 f6 12.Nf3 Kc7 13.Nh4 g5 14.Ng6 Rd8 15.h3 Nh6 16.fxg5 fxg5
17.Bxg5 Rd4 18.Bd3 Nf7 19.Bf4 Be6 20.Ne2 Rb4 21.b3 Nd7 22.c3 Rb6 23.Nd4 Nd8
24.Nf5 Bxf5 25.e6+ Be5 26.Nxe5 Nxe6 27.Bxf5 Nxf4 28.Nxd7 Rb5 29.g4 e6 30.c4 Ra5
31.Rf1 exf5 32.Rxf4 Kxd7 33.gxf5 Rf8 34.f6 Re5+  1/2-1/2

[Event "TCh-Vojvodina"]
[Site "Sombor SCG"]
[Date "2004.10.01"]
[Round "9"]
[White "Radonjic,A"]
[Black "Dragojlovic,A"]
[Result "1/2-1/2"]
[WhiteElo "2131"]
[BlackElo "2309"]

1.e4 g6 2.Nc3 Bg7 3.d4 d6 4.f4 a6 5.Nf3 e6 6.Bd3 Ne7 7.O-O b6 8.Be3 c5 9.dxc5 bxc5
10.e5 Nd5 11.Bf2 Nxc3 12.bxc3 O-O 13.exd6 Nd7 14.Rb1 Qa5 15.c4 Ra7 16.Qe2 Rb7
17.Ne5 Rxb1 18.Rxb1 Qxa2 19.Qe1 Nxe5 20.fxe5 Bxe5 21.Bxc5 Bc3 22.Qc1 Bd7
23.Rb3 Qa5 24.Qa3 Qxa3 25.Rxa3 Rc8 26.Be3 Bb4 27.Rxa6 Kf8 28.Rb6 Ba3 29.Ra6 Bb4
30.Kf1 e5 31.Rb6 Ba3 32.Ra6 Bb4 33.Rb6  1/2-1/2

[Event "TCh-Vojvodina"]
[Site "Sombor SCG"]
[Date "2004.10.02"]
[Round "10"]
[White "Popovic,Du"]
[Black "Lalic,D"]
[Result "1-0"]
[WhiteElo "2460"]
[BlackElo "2372"]

1.e4 d6 2.d4 g6 3.Nc3 Bg7 4.Be3 c6 5.Nf3 Nf6 6.h3 O-O 7.Qd2 Nbd7 8.Bd3 e5
9.O-O Qc7 10.Rfe1 Re8 11.a4 Nf8 12.Rad1 Bd7 13.Bc4 a6 14.dxe5 dxe5 15.Bc5 b5
16.Bb3 Rad8 17.Qe3 Qb7 18.Ng5 Ne6 19.Nxe6 Bxe6 20.Bxe6 fxe6 21.Rxd8 Rxd8
22.Qg5 Qc7 23.b4 Nh5 24.axb5 cxb5 25.Ra1 Bf6 26.Qe3 Qc6 27.g3 Ng7 28.Nd1 Ne8
29.Nb2 Nd6 30.Qf3 Kg7 31.Nd3 Nb7 32.Qe3 Rd7 33.h4 Rc7 34.Kh2 Rc8 35.Kh3 a5
36.Qf3 axb4 37.Bxb4 Nd6 38.Nc5 Nb7 39.Ra6 Nxc5 40.Rxc6 Rxc6 41.Qc3 Be7 42.Qxe5+ Kf7
43.Qf4+ Ke8 44.Qb8+ Kf7 45.Qxb5 Rc8 46.Qe2 Nd7 47.Qd2  1-0

[Event "Piloo Mody Open"]
[Site "Lucknow IND"]
[Date "2004.10.03"]
[Round "3"]
[White "Shetty,R"]
[Black "Dzhumaev,M"]
[Result "0-1"]
[WhiteElo "2370"]
[BlackElo "2520"]

1.e4 g6 2.d4 Bg7 3.Nc3 d6 4.Nf3 Nf6 5.h3 O-O 6.Be3 c6 7.a4 Nbd7 8.a5 b5 9.axb6 Qxb6
10.Ra2 Bb7 11.Be2 c5 12.d5 e6 13.O-O exd5 14.exd5 Rfe8 15.Ra3 Qd8 16.Ba6 Rb8
17.Qd3 Bxa6 18.Rxa6 Rxb2 19.Rxd6 c4 20.Qd2 Qe7 21.Ra6 Nc5 22.Bxc5 Qxc5 23.Na4 Qb5
24.Rxa7 Rb1 25.Nc3 Rxf1+ 26.Kxf1 Qb6 27.Ra4 Nxd5 28.Nxd5 Qb5 29.Ra5 Qb1+
30.Ne1 c3 31.Nxc3 Qxe1+ 32.Qxe1 Rxe1+  0-1

[Event "Goodbye Summer Open"]
[Site "Omis CRO"]
[Date "2004.10.10"]
[Round "7"]
[White "Zelic,Ml"]
[Black "Barbaric,V"]
[Result "1/2-1/2"]
[WhiteElo "2282"]
[BlackElo "2146"]

1.e4 g6 2.d4 Bg7 3.Nc3 d6 4.f4 Nf6 5.Nf3 O-O 6.Bd3 Na6 7.Be3 c5 8.dxc5 Nxc5
9.Bxc5 dxc5 10.e5 Nd5 11.Nxd5 Qxd5 12.Qe2 Be6 13.O-O Qc6 14.Be4 Qb6 15.c4 Bg4
16.h3 Bxf3 17.Rxf3 Qc7 18.Rd1 Rfd8 19.Rfd3 Rac8 20.Qd2 Rd4 21.Rxd4 cxd4 22.Qxd4 Qxc4
23.Bxb7 Qxd4+ 24.Rxd4 Rc2 25.Rb4 e6 26.Be4 Bf8 27.Bxc2 Bxb4 28.Kf2 Kf8 29.Ke3 h5
30.a3 Bc5+ 31.Kd3 a5 32.b4 axb4 33.a4 Ke7 34.a5 Kd7 35.Ba4+ Kc7 36.Be8 b3
37.Bxf7 b2 38.Kc2 Be3 39.Bxg6 Bxf4 40.Bxh5 Bxe5 41.Bf7 Bc3 42.a6 Kb6 43.Bxe6 Kxa6
44.Ba2 Bf6 45.Kd3 Kb6 46.Ke4 Kc6 47.Kf5 Bh4 48.Kg4 Be1 49.h4 Kd6 50.Kg5 Ke7
51.g4 Kf8 52.Kh5 Kg7 53.g5 Bd2 54.Kg4 Bc1 55.Kf5 Bd2 56.h5 Bxg5  1/2-1/2

[Event "Essent Open"]
[Site "Hoogeveen NED"]
[Date "2004.10.18"]
[Round "4"]
[White "Van der Veen,Jan"]
[Black "Giddins,S"]
[Result "1/2-1/2"]
[WhiteElo "2122"]
[BlackElo "2248"]

1.e4 g6 2.d4 Bg7 3.Nc3 d6 4.g3 Nc6 5.Be3 e5 6.dxe5 Nxe5 7.f4 Nc6 8.Bg2 Nf6
9.h3 O-O 10.Qd2 Re8 11.Nge2 Bd7 12.O-O Rb8 13.g4 h5 14.g5 Nh7 15.Rad1 Qc8
16.Kh2 Be6 17.Nd4 Bc4 18.Rf2 f6  1/2-1/2

[Event "Essent Open"]
[Site "Hoogeveen NED"]
[Date "2004.10.21"]
[Round "7"]
[White "Swinkels,R"]
[Black "Pel,B"]
[Result "0-1"]
[WhiteElo "2231"]
[BlackElo "2312"]

1.e4 g6 2.d4 d6 3.Nc3 Bg7 4.Be3 a6 5.Qd2 Nd7 6.O-O-O b5 7.d5 Bb7 8.Nge2 b4
9.Nb1 c5 10.dxc6 Bxc6 11.f3 Qc7 12.Bd4 Ngf6 13.Qxb4 O-O 14.Nec3 Bh6+ 15.Nd2 e5
16.Bf2 Rfb8 17.Qa3 d5 18.Nxd5 Bxd5 19.exd5 Nxd5 20.Bd3 Bf8 21.Qa4 Rb4 22.Qa3 Rd4
23.b4 Bxb4  0-1

[Event "4th Rohde Open"]
[Site "Sautron FRA"]
[Date "2004.10.23"]
[Round "1"]
[White "Libiszewski,F"]
[Black "Tanguy,F"]
[Result "1-0"]
[WhiteElo "2419"]
[BlackElo "2094"]

1.e4 g6 2.d4 Bg7 3.Nc3 d6 4.Be3 Nf6 5.h3 c6 6.Nf3 O-O 7.Qd2 b5 8.Bd3 b4 9.Ne2 a5
10.Ng3 Ba6 11.Bh6 Bxd3 12.cxd3 Qb6 13.e5 Ne8 14.h4 Nd7 15.h5 dxe5 16.Bxg7 Nxg7
17.dxe5 c5 18.hxg6 fxg6 19.Qh6 Rxf3 20.gxf3 Nxe5 21.O-O-O b3 22.a3 c4 23.Nf5 Qf6
24.Qxh7+ Kf7 25.Nxg7 Qxg7 26.dxc4 Rc8 27.Rd4 Qxh7 28.Rxh7+ Kf6 29.Rhh4 g5
30.Rhe4 Nxf3 31.Rd3 Kf5 32.Rxe7 Rxc4+ 33.Kb1 g4 34.Rf7+ Ke6 35.Rb7 Rc2 36.Rdxb3 Rxf2
37.R3b6+ Ke5 38.Rg7 Rg2 39.b4 Nd2+ 40.Kc1 axb4 41.Rxb4 Nf3 42.Rgxg4 Ra2 43.Rb5+ Kd6
44.Rg6+  1-0

[Event "19th Open"]
[Site "Le Touquet FRA"]
[Date "2004.10.26"]
[Round "3"]
[White "Klein,G"]
[Black "Borzakian,M"]
[Result "0-1"]
[WhiteElo "2042"]
[BlackElo "2198"]

1.e4 d6 2.d4 g6 3.Nc3 Bg7 4.Bg5 Nd7 5.Qd2 a6 6.f4 c5 7.d5 Qa5 8.Nf3 h6 9.Bh4 Bxc3
10.Qxc3 Qxc3+ 11.bxc3 Ngf6 12.Nd2 Nh5 13.Bg3 f5 14.c4 fxe4 15.Nxe4 O-O 16.Rb1 Nxf4
17.Rb3 Ne5 18.h3 b5 19.cxb5 axb5 20.Rb2 Bb7 21.Nc3 b4 22.Nb5 Rac8 23.Na7 Rb8
24.Nc6 Nxc6 25.dxc6 Bxc6 26.Rg1 Ra8 27.Bf2 Bd5 28.g3 Ne6 29.Be3 Kg7 30.Bb5 Ng5
31.Kd1 Rxa2 32.Rxa2 Bxa2 33.Rf1 Rxf1+ 34.Bxf1 b3 35.cxb3 Bxb3+ 36.Kc1 Ne6
37.Bg2 Nd4 38.Bxd4+ cxd4 39.Kd2 e5 40.Kd3 d5 41.h4 Bc4+ 42.Kd2 e4 43.Bh3 e3+
44.Ke1 d3 45.Bg4 d2+  0-1

[Event "Open"]
[Site "Liberec CZE"]
[Date "2004.10.27"]
[Round "5"]
[White "Kovar,V"]
[Black "Malec,J"]
[Result "1-0"]
[WhiteElo "2210"]
[BlackElo "2063"]

1.e4 g6 2.d4 Bg7 3.Nc3 d6 4.Be3 Nf6 5.Nf3 c6 6.a4 Bg4 7.h3 Bd7 8.Qd2 Na6
9.e5 Nd5 10.Nxd5 cxd5 11.Bh6 Bxh6 12.Qxh6 Qa5+ 13.c3 O-O-O 14.Bd3 Qb6 15.O-O Rde8
16.b4 dxe5 17.Nxe5 f6 18.Nxd7 Kxd7 19.b5 Nc7 20.a5 Qd6 21.c4 dxc4 22.Bxc4 Nd5
23.Qd2 Rc8 24.Rac1 e6 25.Rfe1 Rhe8 26.Qa2 Red8 27.Qb3 Rc7 28.Rc2 Rcc8 29.Rce2 Re8
30.g3 Rcd8 31.b6 a6 32.Qf3 Rc8 33.Bb3 Rc3 34.Ba4+ Kd8 35.Qg4 Re7 36.Rxe6  1-0

[Event "Open"]
[Site "Liberec CZE"]
[Date "2004.10.28"]
[Round "6"]
[White "Vavra,P1"]
[Black "Johansson,Ja SWE"]
[Result "1-0"]
[WhiteElo "2392"]
[BlackElo "2409"]

1.e4 g6 2.d4 Bg7 3.Nc3 d6 4.Be3 a6 5.f4 b5 6.Be2 Bb7 7.Bf3 e6 8.g4 h5 9.g5 b4
10.Na4 Bc6 11.c4 d5 12.exd5 exd5 13.f5 gxf5 14.Nh3 Ne7 15.Nf4 O-O 16.Nc5 Re8
17.Bxh5 Ng6 18.Nfe6 Qd6 19.Qd2 Rxe6 20.Nxe6 Qxe6 21.O-O-O Nd7 22.Rhe1 Nb6
23.Bf2 Qc8 24.c5 Nc4 25.Qe2 Qd7 26.Bxg6 fxg6 27.Qe6+ Qxe6 28.Rxe6 Be8 29.Rde1 Kf8
30.Kc2 f4 31.Bg1 Bd7 32.R6e2 a5 33.Rf1 Bf5+ 34.Kb3 Re8 35.Rxe8+ Kxe8 36.Rxf4 Kd7
37.h4 Kc6 38.h5 Kb5 39.a4+ bxa3 40.bxa3 Nd2+ 41.Ka2 Ne4 42.h6 Bf8 43.Rh4 Nxg5
44.h7 Bg7 45.h8=Q Bxh8 46.Rxh8 a4 47.Rb8+ Kc4 48.Rb4+ Kd3 49.c6 Ne6 50.Rxa4 g5
51.Ra7 g4 52.Bh2 Kxd4 53.Bxc7 Kc5 54.Be5 Kxc6 55.Rf7 Bd3 56.Rf6 Kd7 57.Kb2 Ke7
58.Kc3 Be2 59.Rh6 Kf7 60.a4 Nc5 61.a5 g3 62.Rf6+ Ke7 63.Rg6 Bf3 64.a6 g2
65.Bd4  1-0

[Event "Open"]
[Site "Liberec CZE"]
[Date "2004.10.29"]
[Round "8"]
[White "Snorek,M"]
[Black "Benes,Pe1"]
[Result "0-1"]
[WhiteElo "2183"]
[BlackElo "2134"]

1.d4 d6 2.e4 g6 3.Nc3 Bg7 4.f4 Nf6 5.Be3 Bg4 6.Qd2 c6 7.h3 Bc8 8.Nf3 b5 9.a3 a6
10.Be2 Nbd7 11.O-O Bb7 12.Rad1 Qc7 13.e5 Nd5 14.Nxd5 cxd5 15.e6 fxe6 16.Ng5 Nf8
17.Bg4 Bc8 18.h4 Bd7 19.b3 Rc8 20.Rf2 Qc3 21.Qe2 h6 22.Nf3 Nh7 23.Bd2 Qxc2
24.Bxe6 Bxe6 25.Qxe6 Qf5 26.Qe2 Nf6 27.Ng5 hxg5 28.fxg5 Qe4 29.gxf6 Qxe2
30.f7+ Kf8 31.Rxe2 Bxd4+ 32.Be3 Bxe3+ 33.Rxe3 Rxh4 34.Rf1 e5 35.Rf6 d4 36.Rg3 Rh7
37.Rxd6 Rc1+ 38.Kf2 Rxf7+ 39.Ke2 Rc2+ 40.Ke1 Rh7 41.Rh3 Rxh3 42.gxh3 Ke7
43.Rxg6 d3 44.Rg3 Re2+ 45.Kd1 e4 46.h4 Kf6 47.Rh3 Kg6 48.h5+ Kh6 49.b4 Rg2
50.Ke1 Rg5 51.Kd2 Rxh5 52.Rg3 Rh2+ 53.Ke1 Re2+ 54.Kd1 Kh5  0-1

[Event "WYg16"]
[Site "Heraklio GRE"]
[Date "2004.11.04"]
[Round "1"]
[White "Solyomvari,R"]
[Black "Foisor,S"]
[Result "1-0"]
[WhiteElo "1998"]
[BlackElo "2228"]

1.e4 g6 2.d4 Bg7 3.Nc3 d6 4.Nf3 a6 5.a4 b6 6.Be3 Nd7 7.Nd2 Bb7 8.f3 e6 9.Be2 Ne7
10.O-O O-O 11.Nb3 h6 12.Qd2 Kh7 13.Kh1 f5 14.Bc4 d5 15.exd5 exd5 16.Bd3 Rc8
17.Qe2 c5 18.Bxa6 Bxa6 19.Qxa6 c4 20.Nd2 f4 21.Bf2 Ra8 22.Qb7 Rb8 23.Qa6 Rf5
24.Qb5 Ra8 25.b4 Nb8 26.a5 bxa5 27.Rxa5 Nbc6 28.Rxa8 Qxa8 29.Re1 Rf7 30.Qc5 Qa7
31.Qxa7 Nxa7 32.b5 Nf5 33.Nxd5 Nxb5 34.Nxc4 Nfxd4 35.Bxd4 Nxd4 36.c3 Nb5
37.Rc1 Ra7 38.Kg1 g5 39.Kf1 Bf8 40.Rb1 Nc7 41.Nxc7 Rxc7 42.Ne5 Bg7 43.Rb5 Rxc3
44.Rb7 Re3 45.Ng4 Re6 46.Nf2 Kg6 47.Ne4 Ra6 48.Rd7 Be5 49.Rd5 Kf5 50.Rb5 Ra1+
51.Ke2 Ra2+ 52.Kf1 g4 53.Nf2 Ra1+ 54.Ke2 Ra2+ 55.Kf1 gxf3 56.gxf3 Rd2 57.Ng4 Rd1+
58.Ke2 Ra1 59.Rxe5+ Kg6 60.Re6+ Kg5 61.Rxh6 Ra2+ 62.Kd3 Ra3+ 63.Ke2 Ra2+
64.Kd1 Ra3 65.h4+ Kf5 66.Rf6+  1-0

[Event "WYb16"]
[Site "Heraklio GRE"]
[Date "2004.11.04"]
[Round "1"]
[White "Liu,E"]
[Black "Chadaev,N"]
[Result "0-1"]
[WhiteElo "2143"]
[BlackElo "2443"]

1.e4 g6 2.d4 Bg7 3.Nc3 d6 4.f4 Nf6 5.Nf3 c5 6.Bb5+ Bd7 7.e5 Ng4 8.e6 Bxb5
9.exf7+ Kd7 10.Nxb5 Qa5+ 11.Nc3 cxd4 12.Nxd4 h5 13.Qd3 Nc6 14.Nxc6 bxc6 15.h3 Nh6
16.Bd2 Qf5 17.Qa6 Rhb8 18.O-O-O Nxf7 19.Rhg1 Nd8 20.g4 hxg4 21.Rxg4 Ne6 22.Qd3 Bxc3
23.Bxc3 Rf8 24.Rxg6 Qxd3 25.cxd3 Nxf4 26.Rh6 Rf5 27.Kc2 Nd5 28.Re1 Rf2+ 29.Bd2 Nb4+
30.Kc3 Nxa2+ 31.Kc2 Nb4+ 32.Kc3 Nd5+ 33.Kc2 Rg8 34.Kc1 Rgg2 35.Rd1 Rf3 36.d4 Rd3
37.Bc3 Rf3 38.Bd2 Rff2 39.Rh8 Nf6 40.Ra8 Ne4 41.Rxa7+ Ke6 42.Bc3 Re2 43.Rc7 Kd5
44.Kb1 Rg3 45.Rc1 Rxh3 46.Ka1 Rhh2 47.Rf1 e6 48.Ra7 Rc2 49.Ra5+ Kc4 50.Ra4+ Kd5
51.Ra5+ Kc4 52.Ra4+ Kd3 53.Rd1+ Ke3 54.Ra3 Nxc3 55.bxc3 Rhd2 56.Re1+ Kd3
57.Rh1 Kc4 58.Ra6 Kd5 59.Rh5+ e5 60.Ra5+ c5 61.Kb1 Rxc3 62.dxe5 dxe5 63.Rh8 Rd4
64.Rd8+ Ke4 65.Rc8 Rb4+ 66.Ka2 Kd3 67.Rd8+ Rd4 68.Rc8 e4  0-1

[Event "WYb14"]
[Site "Heraklio GRE"]
[Date "2004.11.05"]
[Round "2"]
[White "Hayrapetian,O"]
[Black "Toufighi,H"]
[Result "1-0"]
[WhiteElo "2329"]
[BlackElo "2146"]

1.d4 d6 2.e4 g6 3.Nc3 Bg7 4.Nge2 c6 5.g3 Nf6 6.a4 O-O 7.Bg2 e5 8.O-O Be6
9.h3 c5 10.d5 Bc8 11.Qd3 Ne8 12.g4 Nd7 13.Be3 b6 14.Rfb1 Qh4 15.Qd2 Qe7 16.a5 bxa5
17.Rxa5 Nb6 18.b3 Kh8 19.Rba1 Rg8 20.Na4 Rb8 21.Nb2 Rb7 22.Nc3 h5 23.f3 f5
24.Nb5 fxg4 25.fxg4 hxg4 26.hxg4 Bxg4 27.Rxa7 Rxa7 28.Rxa7 Qh4 29.Rb7 Nd7
30.Nc4 Bf8 31.Qf2 g5 32.Bd2 Ndf6 33.Rb6 Rg6 34.Be3 Kg8 35.Ra6 Nh5 36.Nxe5 Rg7
37.Ra8 dxe5 38.Rxe8 Nf6 39.Rxf8+ Kxf8 40.Qxf6+ Kg8 41.Bf2 Qh5 42.Qxe5 Bh3
43.Bxh3 Qxh3 44.Qb8+ Kf7 45.Nd6+ Kg6 46.Qe8+ Kh7 47.Qc8 Rd7 48.Nf5 Ra7 49.Bg3 Qg4
50.Kf2 Qxe4 51.Qf8 Qxc2+ 52.Kf3 Qd1+ 53.Ke4 Qe2+ 54.Ne3 Qh5 55.Qf5+ Kg8 56.Qc8+ Kh7
57.Qxc5 Rf7 58.Be5 g4 59.Qc8 Qh1+ 60.Kd3 Qb1+ 61.Qc2 Qxc2+ 62.Kxc2 Rf2+ 63.Kd3 Rf3
64.Ke4 Kg6 65.b4 Kf7 66.Nxg4 Rb3 67.Bd6 Ke8 68.Ke5 Rb1 69.Ke6 Kd8 70.Bc5 Re1+
71.Ne5 Rh1 72.d6 Rh6+ 73.Kd5 Kc8 74.d7+ Kc7 75.d8=Q+  1-0

[Event "Extraliga CZE 2004-5"]
[Site "Czech Rep CZE"]
[Date "2004.11.06"]
[Round "1"]
[White "Spacek,P"]
[Black "Petran,Pe"]
[Result "1-0"]
[WhiteElo "2387"]
[BlackElo "2322"]

1.d4 g6 2.e4 Bg7 3.Nc3 d6 4.Bc4 Nf6 5.Bb3 O-O 6.Nf3 Bg4 7.h3 Bxf3 8.Qxf3 Nc6
9.Be3 e5 10.d5 Nd4 11.Qd1 c5 12.dxc6 bxc6 13.O-O Nxb3 14.axb3 d5 15.Bg5 d4
16.Nb1 Qc7 17.Bxf6 Bxf6 18.Nd2 Bg7 19.Qe2 Bh6 20.Nf3 f6 21.Ra6 Kh8 22.Rfa1 Qb7
23.Ne1 Rfc8 24.Qc4 Bf8 25.Qe6 Kg7 26.Nd3 Rc7 27.h4 Be7 28.f4 Qc8 29.Qxc8 Raxc8
30.fxe5 fxe5 31.Rxa7 Bxh4 32.Nxe5 Bg5 33.Kf1 c5 34.Ke2 Bf4 35.Nf3 h5 36.Kd3 g5
37.R1a5 g4 38.Nh4 Rxa7 39.Rxa7+ Kf6 40.Nf5 Rh8 41.Ra6+ Kg5 42.Ra5 h4 43.Rxc5 h3
44.Nxd4+ Kg6 45.gxh3 gxh3 46.Nf3 h2 47.Nxh2 Rxh2 48.b4 Bc1 49.b3 Kf6 50.b5 Ke6
51.b6 Rd2+ 52.Kc3 Rd8 53.Kc4 Be3 54.Rc6+ Ke5 55.Kb5 Kxe4 56.c4 Bf4 57.b4 Kd4
58.c5 Rf8 59.b7 Rf7 60.Kb6 Kc4 61.b5 Bb8 62.Rc8 Rf6+ 63.c6 Rf5 64.Rxb8 Rxb5+
65.Kc7  1-0

[Event "TCh-SWE Elitserien 2004-5"]
[Site "Skara SWE"]
[Date "2004.11.06"]
[Round "2"]
[White "Dzevlan,M"]
[Black "Tikkanen,H"]
[Result "1/2-1/2"]
[WhiteElo "2382"]
[BlackElo "2338"]

1.d4 g6 2.e4 Bg7 3.Nc3 d6 4.Be3 a6 5.g3 b5 6.Bg2 Bb7 7.Nge2 Nd7 8.O-O e5
9.a4 b4 10.Na2 a5 11.c3 bxc3 12.Naxc3 Ngf6 13.h3 exd4 14.Bxd4 O-O 15.g4 Re8
16.Ng3 Ba6 17.Re1 Ne5 18.Bf1 Bxf1 19.Kxf1 Nfd7 20.Kg2 Nf8 21.f4 Nc6 22.Bxg7 Kxg7
23.Nd5 Nb4 24.Qd4+ f6 25.g5 Nd7 26.gxf6+ Nxf6 27.Nxb4 c5 28.Qd2 cxb4 29.Rad1 Rc8
30.Re2 Rc4 31.Qxd6 Qxd6 32.Rxd6 Nxe4 33.Rd7+ Kf8 34.Rxh7 Nf6 35.Rh8+ Kf7
36.Rhxe8 Nxe8 37.Ne4 b3 38.Kf3 Rxa4 39.Ng5+ Kf8 40.Ne6+ Kf7  1/2-1/2

[Event "TCh-SWE Elitserien 2004-5"]
[Site "Skara SWE"]
[Date "2004.11.06"]
[Round "2"]
[White "Gustavsson,F"]
[Black "Hallerod,R"]
[Result "1-0"]
[WhiteElo "2093"]
[BlackElo "2144"]

1.e4 d6 2.d4 g6 3.Nc3 Bg7 4.f4 c6 5.Nf3 Bg4 6.Be3 Qb6 7.Qd2 Bxf3 8.gxf3 e6
9.f5 exf5 10.exf5 Ne7 11.Bh3 Nd7 12.O-O-O O-O-O 13.f6 Bxf6 14.Ne4 Nd5 15.Nxd6+ Kb8
16.Nxf7 Rhf8 17.Nxd8 Qxd8 18.Bh6 N7b6 19.b3 Re8 20.Rhe1 Rxe1 21.Qxe1 Qd6
22.Qg3 Kc7 23.Qxd6+ Kxd6 24.c4  1-0

[Event "TCh-BEL 2004-5"]
[Site "Belgium BEL"]
[Date "2004.11.07"]
[Round "3"]
[White "Winants,L"]
[Black "Hausrath,D"]
[Result "1-0"]
[WhiteElo "2519"]
[BlackElo "2478"]

1.d4 g6 2.e4 Bg7 3.Nc3 d6 4.Bg5 a6 5.f4 b5 6.Nf3 Bb7 7.Bd3 Nd7 8.e5 c5 9.Be4 Bxe4
10.Nxe4 Qa5+ 11.Kf2 cxd4 12.exd6 f5 13.Ned2 Ngf6 14.Qe2 O-O-O 15.dxe7 Ng4+
16.Kg3 Rde8 17.a4 h6 18.axb5 Qc7 19.Rxa6 hxg5 20.Nxg5 Be5 21.Ne6 Rxe7 22.Rc6 Bxf4+
23.Nxf4 Rxe2 24.Rxc7+ Kxc7 25.Nxe2 d3 26.cxd3 Re8 27.Nd4 Re3+ 28.N2f3 Rxd3
29.Kf4 Ne3 30.g3 Nd5+ 31.Kg5 Ne7 32.Re1 Kd8 33.Nc6+ Nxc6 34.bxc6 Rxf3 35.cxd7 Rf2
36.h4 Rg2 37.Re3 Kxd7 38.Rf3 Ke6 39.b4 Kf7 40.Rb3 Rc2 41.b5 Rc4 42.Kh6 Rc8
43.Ra3 Rc5 44.b6 Rb5 45.Ra7+ Kf6 46.Rg7  1-0

[Event "WYb16"]
[Site "Heraklio GRE"]
[Date "2004.11.07"]
[Round "5"]
[White "Kononenko,Dmitry1"]
[Black "Chadaev,N"]
[Result "1/2-1/2"]
[WhiteElo "2435"]
[BlackElo "2443"]

1.e4 g6 2.d4 Bg7 3.Nc3 d6 4.f4 Nf6 5.Nf3 c5 6.dxc5 Qa5 7.Bd3 Qxc5 8.Qe2 Bg4
9.Be3 Qa5 10.O-O O-O 11.h3 Bxf3 12.Qxf3 Nc6 13.a3 Nd7 14.Bd2 Qd8 15.Rab1 Rc8
16.Kh1 Nc5 17.Ne2 a6 18.b4 Nxd3 19.Qxd3 b5  1/2-1/2

[Event "WYg18"]
[Site "Heraklio GRE"]
[Date "2004.11.07"]
[Round "5"]
[White "Malysheva,P"]
[Black "Vinuthna,N"]
[Result "1/2-1/2"]
[WhiteElo "2310"]
[BlackElo "2229"]

1.e4 g6 2.d4 Bg7 3.Nc3 d6 4.f4 Nf6 5.Nf3 O-O 6.Bd3 Na6 7.e5 Nd7 8.Ng5 dxe5
9.fxe5 Nb6 10.Be3 c5 11.dxc5 Nd5 12.Bxg6 Nxe3 13.Bxh7+ Kh8 14.Nxf7+ Kxh7
15.Qh5+ Kg8 16.Nxd8 Bg4 17.Qg5 Nxg2+ 18.Kd2 Raxd8+ 19.Kc1 Bf3 20.b3 Nxc5
21.Qxe7 Ne4 22.Nxe4 Bxe4 23.Qe6+ Kh7 24.Rg1 Bh6+ 25.Kb2 Rd2 26.Rac1 Rff2
27.Qe7+ Bg7 28.Qb4 Bxe5+ 29.Kb1 Bg6 30.Qxb7+ Bg7 31.Qc8 Bf5 32.Qc6 Rde2 33.a4 Bh6
34.Qc7+ Kh8 35.Qb8+ Kh7 36.Qxa7+ Kg6 37.Qb6+ Kh5 38.Qc5 Bxc1 39.Rxg2 Rf1
40.Qxf5+ Rxf5 41.Rxe2 Ba3 42.c3 Rf3 43.Kc2 Bf8 44.Kb2 Bg7 45.Rc2 Kg6 46.b4 Kf5
47.b5 Ke6 48.Kb3 Kd5 49.b6 Kc6 50.a5 Kb5 51.b7 Be5 52.Re2 Rxc3+ 53.Ka2 Bc7
54.Rb2+ Kxa5 55.b8=Q Bxb8 56.Rxb8 Ka4 57.Rd8 Rc2+  1/2-1/2

[Event "TCh-SWE Elitserien 2004-5"]
[Site "Skara SWE"]
[Date "2004.11.07"]
[Round "3"]
[White "Hector,J"]
[Black "Sandstrom,L"]
[Result "1-0"]
[WhiteElo "2516"]
[BlackElo "2357"]

1.e4 g6 2.d4 Bg7 3.Nc3 d6 4.f4 Nc6 5.Be3 Nf6 6.h3 e6 7.g4 Ne7 8.Bg2 Rb8 9.Nge2 b6
10.Ng3 Ba6 11.g5 Nd7 12.f5 exf5 13.exf5 Nxf5 14.Nxf5 gxf5 15.Bc6 Bb7 16.Bxb7 Rxb7
17.Qf3 Rb8 18.O-O-O O-O 19.Nd5 Qe8 20.Nxc7 Qe4 21.Qxe4 fxe4 22.Bf4 Rfd8 23.Rhe1 Nf8
24.Rxe4 Rb7 25.Re8 Rxe8 26.Nxe8 Ne6 27.Be3 d5 28.Nf6+ Bxf6 29.gxf6 h5 30.Rf1  1-0

[Event "Open"]
[Site "Calcutta IND"]
[Date "2004.11.12"]
[Round "6"]
[White "Visweswaran,K"]
[Black "Ahmed,Mah"]
[Result "1-0"]
[WhiteElo "2297"]
[BlackElo "2155"]

1.e4 g6 2.d4 Bg7 3.Nc3 d6 4.f4 e5 5.dxe5 dxe5 6.Qxd8+ Kxd8 7.Nf3 exf4 8.Bxf4 c6
9.O-O-O+ Nd7 10.Bc4 Ke8 11.Ng5 Nh6 12.Rhf1 Nb6 13.Bxf7+ Nxf7 14.Nxf7 Kxf7
15.Be5+ Ke7 16.Bxg7 Rg8 17.Bf6+ Ke6 18.Ne2 Rf8 19.Nd4+ Kf7 20.h3 Kg8 21.b3 Bd7
22.a4 c5 23.Nb5 a6 24.Nc7 Rac8 25.a5 Rxc7 26.axb6 Rc6 27.Rxd7 Rfxf6 28.Rxf6 Rxf6
29.Rxb7 Re6 30.Kd2 Rxe4 31.Rc7  1-0

[Event "WYb18"]
[Site "Heraklio GRE"]
[Date "2004.11.12"]
[Round "10"]
[White "Ong,Kez"]
[Black "Barnaure,V"]
[Result "0-1"]
[WhiteElo "2325"]
[BlackElo "2439"]

1.e4 g6 2.d4 Bg7 3.Nc3 d6 4.Nge2 Nd7 5.g3 Ngf6 6.Bg2 O-O 7.O-O c5 8.dxc5 Nxc5
9.Be3 Qc7 10.Qd2 Bd7 11.Bh6 Bxh6 12.Qxh6 Na4 13.Nxa4 Bxa4 14.Nc3 Bc6 15.Qe3 Qa5
16.a3 Rfd8 17.Rad1 Rac8 18.Rfe1 Ng4 19.Qe2 Ne5 20.f4 Qb6+ 21.Qf2 Qxb2 22.fxe5 Qxc3
23.Bh3 Ra8 24.Rf1 Qxe5 25.Qxf7+ Kh8 26.Rf4 Bxe4 27.Rf2 Bc6 28.Bg2 Bxg2 29.Kxg2 Qe4+
30.Kg1 Rac8 31.Rdd2 Rc3 32.Rde2 Re3 33.Rxe3 Qxe3 34.Kg2 Qe4+ 35.Kg1 Qe5 36.Kg2 b6
37.h4 d5 38.Kh2 Qe3 39.Rf3 Qe5 40.Rf2 a6 41.Qf3 b5 42.Re2 Qd6 43.Rf2 e5 44.Qf7 Rd7
45.Qe8+ Kg7 46.h5 Qe7 47.Qa8 Rd6 48.Kg1 e4 49.h6+ Kxh6 50.Qh8 e3 51.Rh2+ Kg5
52.Rxh7 Qf6 53.Rg7 Qf2+ 54.Kh1 Qxg3 55.Qe8 Rf6 56.Qd8 Qf3+ 57.Kh2 e2 58.Re7 Qf2+
59.Kh1 e1=Q+  0-1

[Event "Tch-FIN 2004-5"]
[Site "Finland FIN"]
[Date "2004.11.14"]
[Round "5"]
[White "Vihinen,T"]
[Black "Porrasmaa,T"]
[Result "1-0"]
[WhiteElo "2196"]
[BlackElo "2219"]

1.e4 g6 2.d4 Bg7 3.Nc3 d6 4.Be3 a6 5.a4 b6 6.Bc4 Bb7 7.f3 Nd7 8.Nge2 e6 9.O-O Ne7
10.Qd2 O-O 11.Bg5 c6 12.Nd1 b5 13.Bb3 c5 14.c3 cxd4 15.cxd4 d5 16.exd5 Bxd5
17.Bxd5 exd5 18.axb5 f6 19.Bf4 axb5 20.Rxa8 Qxa8 21.Qb4 Re8 22.Qxb5 Nf8 23.Ndc3 Ne6
24.Rd1 g5 25.Bg3 Kf7 26.f4 h6 27.fxg5 hxg5 28.Rf1 Rd8 29.Qd3 Nc6 30.h4 Qa7
31.hxg5 Nxg5 32.Nb5 Qb7 33.Nd6+ Rxd6 34.Bxd6 Qxb2 35.Bc5 Ne4 36.Ng3 Nd2 37.Rf2 Qc1+
38.Kh2 Nc4 39.Qf5 Qh6+ 40.Kg1 Ne3 41.Qd7+ Ne7 42.Qxe7+  1-0

[Event "Acropolis WGM Open"]
[Site "Athens GRE"]
[Date "2004.11.16"]
[Round "1"]
[White "Krivec,J"]
[Black "Socko,M"]
[Result "0-1"]
[WhiteElo "2214"]
[BlackElo "2439"]

1.e4 g6 2.d4 d6 3.Nc3 Bg7 4.Be3 a6 5.f4 b5 6.Bd3 Nd7 7.e5 Bb7 8.Nf3 c5 9.Be4 Qc8
10.Qe2 b4 11.Bxb7 Qxb7 12.Nd1 dxe5 13.dxe5 e6 14.Nf2 Ne7 15.Bd2 Qb5 16.Ne4 O-O
17.Be3 Nd5 18.Qf2 f6 19.Bxc5 Nxc5 20.Qxc5 fxe5 21.Qxb5 axb5 22.fxe5 Ne3 23.Ke2 Nxg2
24.h4 Nf4+ 25.Ke3 Nd5+ 26.Ke2 Rac8 27.Rhc1 Nf4+ 28.Ke3 Bh6 29.Nfg5 Nd5+ 30.Kd3 Rf4
31.Rh1 Bg7 32.Nd6 Rc6 33.Rae1 Rf2 34.Nxe6 Rcxc2 35.Nxg7 Rcd2+  0-1